• 首页
  • 本馆介绍
  • 公告通知
  • 最新文献
  • 馆藏检索
  • 电子资源
  • 读者导购
  • 参考咨询
  • 我的图书馆
  • 登录
  • 详细信息显示
  • 放入我的书架
  • 预约/预借图书
  • 作者相关作品
  • 分类相关作品
  • 丛书相关作品
  • 出版社相关作品

书目信息

  • 表格格式
  • 工作单格式
  • 卡片格式
题名:
基本建设投资管理词汇
    
 
作者: 景宗贺 , 林犹恭 主编
分册:  
出版信息: 北京   中国财政经济出版社  1986
页数: 460页
开本: 19cm
丛书名:
单 册:
中图分类: F283-61
科图分类:
主题词: 基本建设投资--词典
电子资源:
ISBN:
000 00775nam0 2200265 45
001 0186018566
005 20060811093835.15
010    @dCNY3.00
091    @aCN@b4166.601
100    @a19900724d1986 em y0chiy0121 ea
101 0  @achi
102    @aCN@b110000
105    @ay e 001yy
200 10 @a基本建设投资管理词汇@Aji ben jian she tou zi guan li ci hui@f景宗贺, 林犹恭主编
210    @a北京@c中国财政经济出版社@d1986
215    @a460页@d19cm
300    @a附:“基本建设项目的大、中、小型划分标准”等17个附录
606    @a基本建设投资@x词典
610 0  @a词汇
690    @aF283-61@v3
701  0 @a景宗贺@Ajing zong he@4主编
701  0 @a林犹恭@Alin you gong@4主编
801  0 @aCN@bTSSF@c20060811
801  2 @aCN@bNLC@c20060809
905    @a10447@dF283-61@e258
    
    基本建设投资管理词汇/景宗贺, 林犹恭主编.-北京:中国财政经济出版社,1986
    460页;19cm
    附:“基本建设项目的大、中、小型划分标准”等17个附录
    
    ISBN :CNY3.00
    
●
相关链接 在E读中查询图书 在五车中查询图书 在当当中查询图书 在豆瓣中查询图书


正题名:基本建设投资管理词汇     索取号:F283-61/258         预约/预借

序号 登录号 条形码 馆藏地/架位号 状态 备注
1 0447989   204479894   密集书库/ [索取号:F283-61/258] 在馆    
2 0447990   204479901   密集书库/ [索取号:F283-61/258] 在馆    
3 0447991   204479910   密集书库/ [索取号:F283-61/258] 在馆    
4 0448650   204486500   密集书库/ [索取号:F283-61/258] 在馆    
唐山师范学院图书馆 欢迎您!
大连网信软件有限公司© 版权所有